Statistics for FIFA 19 Top 10 Center Attacking Midfielders

Click here to take the quiz!

General Stats

  • This quiz has been taken 59 times
  • The average score is 6 of 10

Answer Stats

Rank Player OVA % Correct
1Kevin De Bruyne91
98%
4David Silva89
82%
3Isco89
80%
6Christian Eriksen88
60%
7Mesut Özil86
60%
2Paulo Dybala89
58%
5James Rodriguez88
58%
9Dele Alli84
50%
8Nabil Fekir85
36%
10Henrikh Mkhitaryan84
36%

Score Distribution

Percentile by Number Answered

Percent of People with Each Score

Your Score History

You have not taken this quiz